000 00419nam a2200133Ia 4500
008 220217s9999||||xx |||||||||||||| ||und||
020 _a978-81-2614-608-6
082 _a621.382 2 CHA
100 _aCha, Philip, D and Molinder, John
_97548
245 0 _aFundamentals of Signals and systems
260 _aElsevier Academic press
_bNew Delhi
_c2009
300 _aXXVII,431p.
_b495
650 _aSIGNAL PROCESSING
_9719
999 _c181153
_d181153